000 01517nas a2200253 454500
001 24492
005 20260407193506.0
008 260407s1964####ag###########|||spa#d
003 AR-UNSa-BCEJYS
040 _aAR-UNSa-BCEJYS
_bspa
_cAR-UNSa-BCEJYS
080 _a657
_xContabilidad
245 1 0 _aEscritos contables
022 _a1514-4275
264 1 _aBahía Blanca :
_bUniversidad Nacional del Sur. Departamento de Ciencias Económicas
_c1964
310 _aFrecuencia: Semestral
505 _aEscritos contables y de administración es una publicación semestral del Departamento de Ciencias de la Administración de la Universidad Nacional del Sur. Ha sido editada desde 1964 hasta 2005 bajo el nombre de Escritos contables, y en su continuación busca contribuir al avance y divulgación del conocimiento científico y técnico de la Contabilidad, Administración y demás disciplinas afines. Sus objetivos incluyen difundir los resultados de investigaciones tanto teóricas como aplicadas, comunicar al ámbito académico y profesional los avances relevantes y fomentar la visibilidad de las investigaciones locales.
942 _cSER
590 _aniveau_biblio:s niveau_hierar:1
100 1 _aUniversidad Nacional del Sur. Departamento de Ciencias Económicas. Centro de Estudios de Administración
650 _aCONTABILIDAD
650 _aInvestigación económica
650 _aECONOMIA
856 4 1 _uhttps://biblioeco.unsa.edu.ar/pmb/images/revistas/Escritos Contables.jpg
_yImagen de portada
_qimage/jpeg
999 _c8577
_d8577